Marvel Avengers Academy Character Quiz - Statistics

General Stats
  • This quiz has been taken 57 times
  • The average score is 73 of 198
Answer Stats
Character Civillian Name Type of Character % Correct
Iron Man Anthony Edward "Tony" Stark Story Character
100%
Black Widow Natalia "Natasha" Alianovna Romanova Story Character
95%
Falcon Samuel Thomas "Sam" Wilson Story Character
95%
Loki Loki Laufeyson Story Character
95%
Captain America Steven "Steve" Rogers Story Character
93%
The Wasp Janet Van Dyne Story Character
93%
The Wasp Hope van Dyne Ant-Man and The Wasp Event
93%
The Wasp Nadia Pym Back to School Event
93%
Ant-Man Scott Lang Story Character
91%
Hank Pym Dr. Henry "Hank" Pym Legends Assemble Event (Premium Character)
91%
Hulk Robert Bruce Banner Story Character
89%
Hulk Amadeus Cho Monsters Unleashed Event (Premium Character)
89%
Hawkeye Clinton Francis "Clint" Barton Story Character
86%
Hawkeye Katherine "Kate" Elizabeth Bishop Ultron Revolution Special Event
86%
Star-Lord Peter Jason Quill Guardians of the Galaxy Event
86%
War Machine James "Rhodey" Rhodes Premium Character
86%
Black Panther T'Challa Civil War Event
84%
Spider-Man Peter Parker Civil War Event
84%
Thor Thor Odinson Story Character
82%
Thor Dr. Jane Foster A-Force Event
82%
Gamora same Guardians of the Galaxy Event
80%
Groot same Guardians of the Galaxy Event
80%
Winter Soldier James Buchanan "Bucky" Barnes Civil War Event
77%
Ms. Marvel Kamala Khan Story Character
75%
Captain Marvel Carol Danvers A-Force Event
73%
Captain Marvel Mar-Vell Cosmic Cataclysm Event
73%
Doctor Strange Dr. Stephen Vincent Strange Marvel's Doctor Strange Event
73%
Rocket Raccoon same Guardians of the Galaxy Event
70%
Scarlet Witch Wanda Maximoff Infinity War Event
68%
Venom Edward Charles Allan "Eddie" Brock Spider-Man Event
68%
Daredevil Matthew Michael Murdock Daredevil Event
66%
Agent Carter Margaret "Peggy" Carter Premium Character
64%
Mysterio Quentin Beck Spider-Man Event
61%
Baron Zemo Helmut Zemo Premium Character
59%
Doctor Octopus Otto Gunther Octavius Spider-Man Event
59%
Rescue Virginia "Pepper" Potts Women Of Power Event
59%
Spider-Woman Jessica Drew Premium Character
59%
Elektra Elektra Natchios Daredevil Event (Premium Character)
57%
Ghost Ava Starr Ant-Man and The Wasp Event
57%
Green Goblin Norman Virgil Osborn Spider-Man Event
57%
Killmonger Erik Killmonger Infinity War Event
57%
Spider-Gwen Gwendolyne "Gwen" Stacy Spider-Man Event
57%
Captain Britain Brian Braddock British Invasion Event (Premium Character)
55%
Mantis same Guardians of the Galaxy Vol. 2 Event
55%
Moon Knight Marc Spector Avengers Halloween Event
55%
Nebula same Guardians of the Galaxy Event (Premium Character)
55%
Red Hulk Thaddeus E. "Thunderbolt" Ross Gamma Attack! Event
55%
She-Hulk Jennifer "Jen" Walters A-Force Event (Premium Character)
55%
The Lizard Dr. Curtis "Curt" Connors Spider-Man Event (Premium Character)
55%
Agent 13 Sharon Carter Civil War Event
52%
Phil Coulson Philip J. "Phil" Coulson Premium Character
52%
Punisher Frank Castle Daredevil Event
52%
Quake Daisy Johnson Premium Character
52%
Whiplash Anton Vanko Armor Wars Event
52%
Black Bolt Blackagar Boltagon Inhumans Event
50%
Iron Fist Daniel Thomas Rand-K'ai Daredevil Event
50%
Mockingbird Barbara "Bobbi" Morse Story Character
50%
Spider-Ham Peter Porker Spider-Man Event (Premium Character)
50%
Wiccan William "Billy" Kaplan Young Avengers Mini-Event
50%
Yellowjacket Darren Cross Armor Wars Event
50%
Crossbones Brock Rumlow Civil War Event
48%
Electro Maxwell Dillon Spider-Man Event
45%
Ironheart Riri Williams Armor Wars Event (Premium Character)
45%
Odin Odin Borson Legends Assemble Event
45%
The Black Knight Dane Whitman British Invasion Event
45%
Valkyrie Brunnhilde Thor: Ragnarok Event (Premium Character)
45%
Vision same Premium Character
45%
Wong same Marvel's Doctor Strange Event
45%
Drax the Destroyer Arthur Douglas Guardians of the Galaxy Event
43%
Fandral Fandral the Dashing Warriors Three Special Event
43%
Mordo Karl Amadeus Mordo Marvel's Doctor Strange Event
43%
Power Man Luke Cage Daredevil Event
43%
Black Cat Felicia Hardy Spider-Man Event
41%
Dracula Vlad Dracula Avengers Halloween Event
41%
Medusa Medusalith Amaquelin Inhumans Event
41%
M.O.D.O.K. George Tarleton A.I.M. Attacks! Event
41%
Nick Fury same Legends Assemble Event
41%
The Ancient One same Marvel's Doctor Strange Event (Premium Character)
41%
The Collector Taneleer Tivan Guardians of the Galaxy Vol. 2 Event
41%
Volstagg Volstagg the Staggeringly Perfect Warriors Three Special Event
41%
Cloak Tyrone Johnson Cloak and Dagger Special Event
39%
Crystal Crystalia Amaquelin Inhumans Event
39%
Dagger Tandy Bowen Cloak and Dagger Special Event
39%
Ghost Rider Roberto "Robbie" Reyes Avengers Halloween Event (Premium Character)
39%
Hogun Hogun the Grim Warriors Three Special Event
39%
Spider-Man 2099 Miguel O'Hara Spider-Man Event (Premium Character)
39%
Ultron same Ultron Revolution Special Event
39%
Goliath Bill Foster Ant-Man and The Wasp Event
36%
Jocasta Jocasta Vi Quitéria Ultron Revolution Special Event
36%
Karnak Karnak Mander-Azur Inhumans Event
36%
Miss America America Chavez A-Force Event
36%
Misty Knight Mercedes "Misty" Knight Avengers Halloween Event
36%
Nova Samuel Alexander Guardians of the Galaxy Vol. 2 Event (Premium Character)
36%
Agent Venom Eugene "Flash" Thompson Spider-Man: Homecoming Event (Premium Character)
34%
Enchantress Amora Story Character
34%
Okoye same Black Panther Event
34%
Shuri same Black Panther Event
34%
Speed Thomas "Tommy" Sheppard Marvel Rising Event
34%
Spider-Girl Anya Corazon Spider-Man: Homecoming Event
34%
Blade Eric Brooks Avengers Halloween Event
32%
Foggy Nelson Franklin 'Foggy' Nelson Defenders Event
32%
Hellcat Patricia Walker Daredevil Event
32%
Maria Hill same Story Character
32%
Sif same Civil War Event (Premium Character)
32%
Taskmaster Tony Masters Story Character
32%
The Leader Samuel Sterns Legends Assemble Event
32%
Yondu same Guardians of the Galaxy Event (Premium Character)
32%
A-Bomb Rick Jones Gamma Attack! Event
30%
Frigga same Legends Assemble Event
30%
Hulkling Theodore "Teddy" Rufus Altman Young Avengers Mini-Event
30%
Lockjaw same Inhumans Event (Premium Character)
30%
Union Jack Brian Falsworth British Invasion Event
30%
White Tiger Ava Ayala Hell's Kitchen Halloween Event
30%
Wonder Man Simon Williams Civil War Event (Premium Character)
30%
Dum-Dum Dugan Timothy Dugan Avengers Halloween 2017 Event
27%
Jewel Jessica Campbell Jones Daredevil Event (Premium Character)
27%
J. Jonah Jameson John Jonah Jameson Jr. Spider-Man: Homecoming Event
27%
Red She-Hulk Elizabeth "Betty" Ross Return of A-Force Special Event (Premium Character)
27%
Squirrel Girl Doreen Allene Green A.I.M. Attacks! Event
27%
The Grandmaster En Dwi Gast Thor: Ragnarok Event
27%
Iron Lad Nathaniel 'Nate' Richards Armor Wars Event
25%
Moon Girl Lunella Louise Lafayette Monsters Unleashed Event
25%
Tigra Greer Grant Story Character
25%
Jemma Simmons Dr. Jemma Anne Simmons Agents of S.H.I.E.L.D. Event
23%
Leo Fitz Leopold "Leo" Fitz Agents of S.H.I.E.L.D. Event
23%
Man-Thing Ted Sallis Avengers Halloween 2017 Event
23%
Silk Cindy Moon Spider-Man: Homecoming Event
23%
Werewolf by Night Jack Russell Avengers Halloween 2017 Event
23%
Adam Warlock same Guardians of the Galaxy Vol. 2 Event
20%
Devil Dinosaur same Monsters Unleashed Event
20%
Heimdall same Thor: Ragnarok Event
20%
Korg same Thor: Ragnarok Event
20%
Satana Satana Hellstrom Avengers Halloween Event
20%
Silver Sable Silver Sablinova Spider-Man: Homecoming Event
20%
Skaar same World War Hulk Event
20%
Triton same Inhumans Event (Premium Character)
20%
Bullseye Benjamin Poindexter Hell's Kitchen Halloween Event
18%
Doctor Voodoo Jericho Drumm Marvel's Doctor Strange Event
18%
Gorgon same Inhumans Event
18%
Miek same Thor: Ragnarok Event
18%
Patriot Rayshaun "Shaun" Lucas Marvel Rising Event
18%
Stinger Cassandra "Cassie" Eleanor Lang Young Avengers Mini-Event (Premium Character)
18%
Teen Groot Groot Infinity War Event
18%
Beta Ray Bill same Guardians of the Galaxy Vol. 2 Event
16%
Madame Masque Whitney Frost Hell's Kitchen Halloween Event
16%
Throg Simon Walterson Pet Avengers Event
16%
Colleen Wing same Defenders Event
14%
Crimson Dynamo Galina Nemirovsky Story Character
14%
Elsa Bloodstone same Monsters Unleashed Event
14%
Hercules same Monsters Unleashed Event
14%
Howard the Duck same Pet Avengers Event (Premium Character)
14%
J.A.R.V.I.S. same Legends Assemble Event
14%
Karolina Dean same The Runaways Special Event
14%
Madame Hydra Ophelia Sarkissian Civil War Event
14%
Viv same Ultron Revolution Special Event
14%
Angela Aldrif Odinsdottir A-Force Event
11%
Ares same Thor: Ragnarok Event
11%
Jack O' Lantern Jason Macendale Avengers Halloween Event
11%
Lucky same Ultron Revolution Special Event (Premium Character)
11%
Marvel Boy Noh-Varr Cosmic Cataclysm Event
11%
Old Lace same The Runaways Special Event
11%
Redwing same Pet Avengers Event
11%
Sister Grimm Nico Minoru Marvel's Doctor Strange Event (Premium Character)
11%
Stick same Defenders Event
11%
Thane same Infinity War Event
11%
Ultimate Spider-Man Miles Morales Spider-Man Event (Premium Character)
11%
Cavalry Melinda May Agents of S.H.I.E.L.D. Event
9%
Inferno Dante Pertuz Marvel Rising Event
9%
Voyager Va Nee Gast Story Character
9%
Captain America 2099 Roberta Mendez Multiverse Special Event
7%
Cosmo the Spacedog same Guardians of the Galaxy Vol. 2 Event
7%
Jasper Sitwell same Avengers Halloween 2017 Event
7%
Longbow Clinton Barton Multiverse Special Event
7%
Rick Jones same World War Hulk Event (Premium Character)
7%
Singularity same A-Force Event
7%
The Hood Parker Robbins Jessica Jones Special Event
7%
The Mandarin same Back to School Event
7%
Vampire by Night Nina Price Avengers Halloween 2017 Event
7%
Bucky Barnes same Multiverse Special Event (Premium Character)
5%
Claire Temple same Defenders Event (Premium Character)
5%
Ghost Rider 2099 Kenshiro 'Zero' Cochrane Multiverse Special Event
5%
Hit-Monkey same Avengers Halloween 2017 Event (Premium Character)
5%
Iron Spider Mary Jane Watson Spider-Man Event
5%
Keeper Murdock same Multiverse Special Event
5%
Lil' Groot Groot Guardians of the Galaxy Vol. 2 Event
5%
Newscaster Supreme none Return of A-Force Special Event
5%
Nightshade Tilda Johnson Luke Cage Event
5%
Princess Powerful Molly Hayes The Runaways Special Event
5%
Thor Noir same Multiverse Special Event
5%
Zabu same Pet Avengers Event
5%
A.I.M. Scientist Barry Return of A-Force Special Event
2%
Auran same Inhumans Event
2%
Chitauri Soldier Rekh Return of A-Force Special Event
2%
Firebird Bonita Juarez Pet Avengers Event
2%
Hairball Niels Pet Avengers Event
2%
Hyperion same Cosmic Cataclysm Event
2%
Iron Legion Robot George Return of A-Force Special Event
2%
Orrgo same Monsters Unleashed Event
2%
No matching quizzes found
Score Distribution
Percent of People with Each Score
Percentile by Number Answered
Your Score History
You have not taken this quiz